Proces medzinárodnej kooperácie v daňovej oblasti

Spolupráca členských štátov Európskej únie a krajín OECD v daňovej oblasti. Medzinárodná pomoc a spolupráca pri správe daní a vzťah Slovenskej republiky z hľadiska poskytovania informácií (zaobchádzanie s informáciami, delenie medzi informáciami na požiadanie a bez žiadosti, odmietnutie poskytovania...

Descrizione completa

Salvato in:
Dettagli Bibliografici
Autore principale: Manová, Eva, 1957-
Altri autori: Simonidesová, Jana, 1968-
Natura: Capitolo di libro
Lingua:slovacco
Soggetti:
Tags: Aggiungi Tag
Nessun Tag, puoi essere il primo ad aggiungerne!!

MARC

LEADER 00000naa$a2200000$$$4500
001 0271062
005 20240502074245.9
041 0 |a slo 
044 |a SK 
245 1 0 |a Proces medzinárodnej kooperácie v daňovej oblasti  |c Eva Manová, Jana Simonidesová 
520 |a Spolupráca členských štátov Európskej únie a krajín OECD v daňovej oblasti. Medzinárodná pomoc a spolupráca pri správe daní a vzťah Slovenskej republiky z hľadiska poskytovania informácií (zaobchádzanie s informáciami, delenie medzi informáciami na požiadanie a bez žiadosti, odmietnutie poskytovania a pravidelnosť výmeny). Daňová kooperácia v členení na daňovú koordináciu, harmonizáciu a konkurenciu. Medzinárodné a dvojité zdaňovanie. Charakteristika multilaterálneho nástroja, pozícia Slovenskej republiky k multilaterálnemu nástroju a multilaterálne daňové centrá OECD (Ankara, Viedeň, Budapešť a Kórea). 
610 2 0 |a správa daňová 
610 2 0 |a sústava daňová 
610 2 0 |a harmonizácia 
610 2 0 |a koordinácia 
610 2 0 |a kooperácia 
610 2 0 |a multilateralita 
610 2 0 |a Slovensko 
610 2 0 |a Európska únia 
610 2 0 |a OECD 
100 1 |a Manová, Eva, 1957- 
700 1 |a Simonidesová, Jana, 1968-